1249 1369 1849 1306 1683 1157 1652 1615 1673 1627 1361 1131 1295 1100 1297 1013 1709 1882 1142 1227 1634 1166 1795 1058 1023 1797 1092 1906 1909 1927 1317 1753 1322 1583 1823 1290 1195 1743 1237 1458 1487 1647 1182 1967 1559 1298 1834 1903 1686 1621 1297 1965 1367 1482 1509 1867 1194 1575 1065 1468 1434 1501 1817 1424 1891 1010 1956 1680 1683 1929 1102 1187 1308 1674 1303 1999 1908 1006 1905 1226 1475 1983 1212 1754 1824 1087 1478 1222 1037 1160 1037 1079 1659 1668 1515 1358 1131 1420 1001 BCNSPRNW ULIB Ver.6.0+V

เปลี่ยนเป็นภาษาไทย

Change to English
 แสดงรายละเอียดบรรณานุกรม
  กลับหน้าหลัก

Brief Record : Get Marc (ISO 2709) : E-mail record : QR code < ปิดหน้าต่าง
LEADER : 00000nam 2200000uu 4500
001    13399126536
003     ULIB
008    181016s2561||||th 000 0 tha d
020    ^a9789740337676
060    ^aWL101^bฉ52ร
100    ^aเฉง นิลบุหงา
245    ^aระบบประสาทและการทำงาน = Functional Neuroanatomy/^bเฉง นิลบุหงา
250    ^aพิมพ์ครั้งที่ 3
260    ^aกรุงเทพฯ :^bจุฬาลงกรณ์มหาวิทยาลัย,^c2561
300    ^a336 หน้า
650    ^aประสาทกายวิภาคศาสตร์
650  0 ^aระบบประสาท
945    ^p280^l0^i26789
945    ^p280^l0^i26790
945    ^p280^l0^i26791
945    ^p280^l0^i26792
945    ^p280^l0^i26793
999    ^aกัณชพร จุลอักษร
รายการนี้ยังไม่มีแท็ก
คุณยังไม่ได้ล็อกอิน คุณสามารถมีกิจกรรมร่วมกับเว็บไซต์ได้ แต่ต้องล็อกอินก่อน ::
  ล็อกอิน

รายการสื่อสารสนเทศ

ลำดับที่ ประเภท เลขเรียก/บาร์โค้ด สถานที่ สถานะ
1. หนังสือสำรอง
หนังสือสำรอง
WL101 ฉ52ร ฉ.1 
  Barcode: 26789
ห้องสมุดวิทยาเขตนครสวรรค์
►หนังสือทั่วไป:l:General Books
บนชั้น
2. วิทยาศาสตร์การแพทย์ และสุขภาพ
วิทยาศาสตร์การแพทย์ และสุขภาพ
WL101 ฉ52ร ฉ.2 
  Barcode: 26790
ห้องสมุดวิทยาเขตนครสวรรค์
►หนังสือทั่วไป:l:General Books
บนชั้น
3. วิทยาศาสตร์การแพทย์ และสุขภาพ
วิทยาศาสตร์การแพทย์ และสุขภาพ
WL101 ฉ52ร ฉ.3 
  Barcode: 26791
ห้องสมุดวิทยาเขตนครสวรรค์
►หนังสือทั่วไป:l:General Books
บนชั้น
4. วิทยาศาสตร์การแพทย์ และสุขภาพ
วิทยาศาสตร์การแพทย์ และสุขภาพ
WL101 ฉ52ร ฉ.4 
  Barcode: 26792
ห้องสมุดวิทยาเขตนครสวรรค์
►หนังสือทั่วไป:l:General Books
บนชั้น
5. วิทยาศาสตร์การแพทย์ และสุขภาพ
วิทยาศาสตร์การแพทย์ และสุขภาพ
WL101 ฉ52ร ฉ.5 
  Barcode: 26793
ห้องสมุดวิทยาเขตนครสวรรค์
►หนังสือทั่วไป:l:General Books
บนชั้น

รายการใกล้เคียง
    ผู้แต่ง [เฉง นิลบุหงา]

    หัวเรื่อง [ประสาทกายวิภาคศาสตร์]
    หัวเรื่อง [ระบบประสาท]

BibComment


ยังไม่เคยถูกคอมเมนท์

คอมเมนท์ทรัพยากรรายการนี้
  คอมเมนท์: ระบบประสาทและการ..


 Copyright 2026. Bcnsprnw @Library